Statistics for Random Korean words quiz

Click here to take the quiz!

General Stats

  • This quiz has been taken 98 times
  • The average score is 11 of 15

Answer Stats

HintAnswer% Correct
안녕하세요hello
99%
우유milk
88%
아니요no
88%
yes
88%
한국Korea
86%
bread
82%
water
81%
pen
78%
서울seoul
78%
가방bag
64%
chicken
63%
쓰레기trash
60%
fire
53%
의자chair
48%
bear
32%

Score Distribution

Percentile by Number Answered

Percent of People with Each Score

Your Score History

You have not taken this quiz